Evolutionary algorithms in theory and practice : evolution strategies evolutionary programming genetic algorithms

Αποθηκεύτηκε σε:
Λεπτομέρειες βιβλιογραφικής εγγραφής
Κύριος συγγραφέας: Back, Thomas, 1963-
Μορφή: Βιβλίο
Γλώσσα:English
Δημοσίευση: New York : Oxford University Press, c1996.
Θέματα:
Ετικέτες: Προσθήκη ετικέτας
Δεν υπάρχουν, Καταχωρήστε ετικέτα πρώτοι!

MARC

LEADER 00000cam a2200000 i 4500
001 1/1350
008 000417s1996 nyu| ||| |||| ||eng||
020 |a 0195099710 
035 |l 10059986 
040 |a GR-MyUa  |b gre  |e AACR2 
041 0 |a eng 
082 7 |a 006.3   |2 (22) 
100 1 |a Back, Thomas,   |d 1963- 
245 1 0 |a Evolutionary algorithms in theory and practice :   |b evolution strategies evolutionary programming genetic algorithms /   |c Thomas Back. 
260 |a New York :   |b Oxford University Press,   |c c1996. 
300 |a xii, 314 σ. :   |b εικ. ;   |c 25 εκ. 
504 |a Βιβλιογραφία: σ. 293-305. Ευρετήριο. 
650 0 0 |a Genetic algorithms. 
650 0 0 |a Evolution (Biology)  |x Mathematical models. 
650 0 0 |a Evolutionary programming (Computer science) 
852 |a INST  |b LESVOS  |e 20080801  |h 006.3 BAC  |p 005100041913  |q 005100041913  |t BK  |y 0 
852 |a INST  |b SAMOS  |e 20000417  |h 006.3 BAC  |p 005300017646  |q 005300017646  |t BK  |y 0 
901 |a BIBL3-2000-1 
901 |a BIBL1-2008-2 
922 |a 3ΕΛΗ  |b 200003  |c ΚΠΣ  |d ΠΑΠΑΣΩΤΗΡΙΟΥ 
922 |a 1ΕΛΗ  |b 200712  |c ΕΠΕΑΕΚ2/ΤΠ  |d ΕΛΕΥΘΕΡΟΥΔΑΚΗΣ 
950 |a 116-1999-12-31 
970 |a ΚΟΣΙΕΡΗΣ  |b ΧΡΗΣΤΟΣ  |z 2000/04/19